01262nam a2200253 a 450000100100000000500170001000800410002702000180006804000250008608200150011110000420012624500990016826000380026730000390030549000240034450000600036870000460042883000290047495201280050395201280063195201130075995201190087299900170099100004464120201002045524.0141210s2014 dr ac 000 0 spa d a9789945404937 aDO-SdBNPbspacBNPHU axxxxbxxxx1 aMelo Pelletier, Rocíod1983-97265810aMi problema :bautobiografía /cRocío Melo Pelletier ; prólogo Mildred Melo Hernández. aSanto Domingo :bNacional,c2014. a94 p. : il. ;cil., retrs.c23 cm.1 aEdiciones Ferilibro aIncluye datos biográficos de la autora en las solapas1 aMelo Hernández, Mildredepról.972659 0aEdiciones Ferilibro9150 001054708DSaGRbGRcHDd2014-12-10iLF1l0oxxxx xxxxp44641-30r2020-06-25te. 3w2020-06-25yLFDSZPréstamo en sala 001054708DSaGRbGRcHDd2015-01-29iLF1l0oxxxx xxxxp44641-40r2020-06-25te. 5w2020-06-25yLFDSZPréstamo en sala 0010718PDaPDbPDcHDd2014-12-10iLF1l0oxxxx xxxxp44641-10r2020-06-25w2020-06-25yLFPDZNo se presta 0010718PDaPDbPDcHDd2014-12-10iLF1l0oxxxx xxxxp44641-20r2020-06-25te. 2w2020-06-25yLFPDZNo se presta c44130d44130